England Country Quiz - Statistics

General Stats
  • This quiz has been taken 47 times
  • The average score is 18 of 22
Answer Stats
Clue Answer % Correct
Capital and largest city London
100%
City where the Industrial Revolution began Manchester
98%
Next largest cities Birmingham
93%
Prestigious universities with a historic rivalry Oxford
93%
River that flows through the above Thames
91%
Current British king Charles III
89%
Playwright behind Hamlet and Macbeth William Shakespeare
89%
Prestigious universities with a historic rivalry Cambridge
87%
Country England united with under the 1707 Acts of Union Scotland
87%
Next largest cities Liverpool
84%
Prehistoric stone structure that aligns with the solstices Stonehenge
84%
Nickname of the English national football team (hint: an animal) The Three {Lions}
80%
Scientist who pioneered the theory of evolution Charles Darwin
78%
Cross that appears on the flag Saint {George}'s
78%
... who lives in this royal palace Buckingham Palace
76%
Tallest building The Shard
73%
Term for intense Nazi German bombing during WWII Blitz
69%
Celtic nation that is England's southernmost county Cornwall
69%
Town whose white cliffs are visible from France Dover
69%
Next largest cities Leeds
69%
1066 battle where Normans became the last group to successfully invade England Hastings
62%
Lord Protector after the English Civil War Oliver Cromwell
60%
No matching quizzes found
Score Distribution
Percent of People with Each Score
Percentile by Number Answered
Your Score History
You have not taken this quiz